[Event "BL2-N9596"]
[Site "Germany"]
[Date "1996.??.??"]
[Round "?"]
[White "Chekhov, Valery A"]
[Black "Hochgraefe, Markus"]
[Result "1-0"]
[WhiteElo "2505"]
[BlackElo "2270"]

1.d4 Nf6 2.c4 c6 3.Nc3 d5 4.Nf3 a6 5.Ne5 Nbd7 6.Bf4 e6 7.e3 Qa5 8.Bd3 Nxe5
9.Bxe5 Be7 10.O-O b5 11.c5 Qd8 12.b4 O-O 13.a4 Bb7 14.Qc2 h6 15.Ra2 Qd7 16.h3 Rfc8
17.g4 Qe8 18.Nb1 Nd7 19.Bg3 Bf8 20.f4 g6 21.Nd2 Bg7 22.Nf3 Qe7 23.Qg2 Nf8
24.Bh4 Qe8 25.Kh2 Nd7 26.Ne5 Nxe5 27.fxe5 g5 28.Be1 Qe7 29.Bb1 Rf8 30.Qc2 f5
31.gxf5 exf5 32.Rxf5 Qe6 33.Rxf8+ Kxf8 34.Qh7 Qg8 35.Qg6 Rd8 36.axb5 axb5
37.Bg3  1-0

[Event "Landesliga S9596 Bayern"]
[Site "Germany"]
[Date "1996.??.??"]
[Round "?"]
[White "Wild, Rudolf"]
[Black "Taeger, Winfried"]
[Result "1/2-1/2"]
[WhiteElo "2265"]
[BlackElo "2320"]

1.Nf3 Nf6 2.c4 c6 3.d4 d5 4.Nc3 a6 5.cxd5 cxd5 6.Qb3 Nc6 7.Bg5 e6 8.e3 Be7
9.Bd3 O-O 10.O-O h6 11.Bh4 b5 12.Rac1 Bd7 13.Bb1 Ne8 14.Bg3 Bd6 15.Ne5 Na5
16.Qc2 f5 17.Nxd7 Qxd7 18.Ne2 Rf7 19.Nf4 Bxf4 20.Bxf4 Nd6 21.Qc3 Nab7 22.Bxd6 Nxd6
23.Qc6 Ra7 24.Qxd7 Rfxd7 25.Rc6 Kf7 26.Rfc1 Ne8 27.Kf1 Rdc7 28.Ke2 Ke7 29.f3 Kd7
30.R6c5 Rxc5 31.dxc5 Nf6 32.Kd3 e5 33.f4 Ke6 34.a3 a5 35.Ba2 Ne4 36.Bb1 b4
37.Ke2 exf4 38.exf4 Rc7 39.axb4 axb4 40.Bxe4 dxe4 41.Rc4 Kd5 42.Rxb4 Rxc5
43.Kd2 g5 44.Ke3 g4 45.Rd4+  1/2-1/2

[Event "NRW-Liga I 9596"]
[Site "Germany"]
[Date "1996.??.??"]
[Round "?"]
[White "Lingnau, Carsten"]
[Black "Lytchak, Alexander"]
[Result "0-1"]
[WhiteElo "2400"]
[BlackElo "2240"]

1.Nf3 Nf6 2.c4 c6 3.d4 d5 4.Nc3 a6 5.e3 b5 6.b3 Bg4 7.Be2 Nbd7 8.O-O e6 9.Bb2 Bd6
10.Ne5 Bxe2 11.Nxe2 bxc4 12.bxc4 Qb8 13.Qc2 Nxe5 14.dxe5 Bxe5 15.Bxe5 Qxe5
16.cxd5 cxd5 17.Qc6+ Ke7 18.Qb7+ Nd7 19.Nd4 Qd6 20.e4 Rhc8 21.exd5 Qxd5 22.Qb4+ Qc5
23.Qd2 Qc3 24.Qg5+ Nf6 25.Nf5+ exf5 26.Qxg7 Ne4 27.Qxh7 Qf6 28.Rfe1 Rh8 29.Rxe4+ fxe4
30.Qxe4+ Qe6 31.Qb4+ Kf6 32.Re1 Qd5 33.Qf4+ Qf5 34.Qd4+ Kg6 35.Re4 Rad8 36.Rg4+ Kh5
37.Rh4+ Kg5 38.Qg7+ Kxh4  0-1

[Event "Goetzis op"]
[Site "Goetzis"]
[Date "1996.??.??"]
[Round "9"]
[White "Siegmund, Rainer"]
[Black "Friedrich, Norbert"]
[Result "0-1"]
[WhiteElo "2190"]
[BlackElo "2345"]

1.d4 d5 2.c4 c6 3.Nf3 Nf6 4.Nc3 a6 5.cxd5 cxd5 6.Bf4 Nc6 7.e3 Bg4 8.h3 Bxf3
9.Qxf3 Qb6 10.Qe2 e6 11.a3 Rc8 12.Qc2 Qa5 13.Qd2 Qd8 14.Bd3 Na5 15.Qc2 Be7
16.Be5 Nc4 17.O-O g6 18.Qe2 Nxe5 19.dxe5 Nd7 20.f4 O-O 21.Rac1 Nc5 22.Bc2 b5
23.Rfd1 Qb6 24.b4 Nd7 25.Ne4 Rc7 26.Nf2 Rfc8 27.Qd2 Kg7 28.Kh2 Rc3 29.e4 Rxa3
30.exd5 exd5 31.Ng4 Rac3 32.Qxd5 Nf8 33.Qd2 Qc7 34.Ne3 Qc6 35.Nd5 Rxc2 36.Rxc2 Qxc2
37.Nxe7 Qe4 38.Qd4 Rc4 39.Qxe4 Rxe4 40.Nd5 Ne6 41.Kg3 Re2 42.Kf3 Ra2 43.Rc1 Nd4+
44.Ke4 Ne6 45.g4 Rd2 46.Nc7 Rd4+ 47.Ke3 Rxb4 48.f5 Rb3+ 49.Kd2 gxf5 50.gxf5 Nd4
51.f6+ Kg6 52.Rg1+ Kf5 53.Rg7 Rxh3 54.Rxf7 Nf3+ 55.Ke2 Nxe5 56.Rf8 Rh2+ 57.Ke1 Rh6
58.Nd5 Nd7 59.Ra8 Nxf6 60.Nc7 Ne4 61.Nxa6 Kf4 62.Nb4 Ke3 63.Ra3+ Kd4 64.Nc2+ Kc4
65.Ne3+ Kc5 66.Ke2 Rh2+ 67.Kf3 Nd6 68.Ra7 Nc4 69.Ng4 Rh1 70.Nf2 Rh5 71.Ne4+ Kb6
72.Ra8 b4 73.Nf2 Rb5 74.Ke4 b3 75.Nd1 Kb7 76.Rg8 h5 77.Rg7+ Ka6  0-1

[Event "Koop Tjuchem"]
[Site "Groningen"]
[Date "1996.??.??"]
[Round "4"]
[White "Van Wely, Loek"]
[Black "Short, Nigel D"]
[Result "1/2-1/2"]
[WhiteElo "2605"]
[BlackElo "2695"]

1.d4 d5 2.c4 c6 3.Nc3 Nf6 4.Nf3 a6 5.c5 Bf5 6.Qb3 Qc8 7.Bf4 e6 8.h3 Nbd7
9.e3 Be7 10.Be2 O-O 11.O-O Re8 12.Na4 Bd8 13.Bd3 Bc7 14.Bxf5 exf5 15.Qc2 g6
16.Ne5 Nxe5 17.Bxe5 Bxe5 18.Nb6 Bh2+ 19.Kxh2 Qc7+ 20.g3 Rad8 21.Kg2 h5 22.h4 Ng4
23.Rae1 Re6 24.Rh1 Rde8 25.Qd3 Qe7 26.Na4 f6 27.Nc3 Qh7 28.Nd1 Qd7 29.Re2 Kg7
30.Kf1 Nh6 31.Ke1 Kf7 32.Kd2 g5 33.f3 g4 34.f4 Kg6 35.Kc1 Qc7 36.Rc2 Nf7
37.Rc3 Rb8 38.Ra3 Ree8 39.Rh2 Qd7 40.Rc2 Re7 41.Rcc3 Qe6 42.Nf2 Rbe8 43.Rcb3 Rc8
44.Rb6 Nd8 45.Kd2 Ra8 46.Rab3  1/2-1/2

[Event "Koop Tjuchem op"]
[Site "Groningen"]
[Date "1996.??.??"]
[Round "4"]
[White "Mikhalevski, Victor"]
[Black "Lobzhanidze, Davit"]
[Result "1-0"]
[WhiteElo "2500"]
[BlackElo "2330"]

1.d4 d5 2.c4 c6 3.Nf3 Nf6 4.Nc3 a6 5.c5 g6 6.h3 Bg7 7.Bf4 O-O 8.e3 Bf5 9.Qb3 Ra7
10.Be2 Ne4 11.O-O Nd7 12.Bh2 h6 13.Rac1 g5 14.Rfd1 Bg6 15.Nxe4 Bxe4 16.Ne5 Nxe5
17.dxe5 e6 18.Rd2 Qa5 19.Qc3 Qxc3 20.bxc3 Rc8 21.Bg3 Bf8 22.f3 Bxc5 23.fxe4 Bxe3+
24.Bf2 Bxd2 25.Rc2 Bxc3 26.Rxc3 Raa8 27.Bb6 dxe4 28.Kf2 c5 29.a4 Rc6 30.a5 f5
31.exf6 Rf8 32.Ke3 Rxf6 33.Kxe4 Rf4+ 34.Ke3 Rb4 35.Bf3 Rcxb6 36.axb6 Rxb6
37.Rxc5 Rb4 38.Rc8+ Kg7 39.Rc7+ Kf6 40.Rxb7 Ra4 41.Rb6 Ra3+ 42.Kf2 Ra2+ 43.Kg3 Ra3
44.Kh2 a5 45.Ra6 Ke5 46.Bg4 Kd4 47.Bxe6 h5 48.Bf7 h4 49.Rf6 Rg3 50.Rc6 Re3
51.Rc4+ Kd3 52.Rc5 a4 53.Ra5 Ke4 54.Bg6+ Kd4 55.Rxa4+ Ke5 56.Ra6 Re1 57.Bh5 Rc1
58.Bg4 Rc5 59.Re6+ Kf4 60.Rf6+ Ke4 61.Kg1 Rc1+ 62.Rf1 Rc5 63.Bh5 Rc4 64.Bg6+ Ke3
65.Rf3+ Kd2 66.Bh5 Rc5 67.Bg4 Rd5 68.Kf2  1-0

[Event "Koop Tjuchem"]
[Site "Groningen"]
[Date "1996.??.??"]
[Round "5"]
[White "Kortschnoj, Viktor"]
[Black "Sokolov, Ivan"]
[Result "0-1"]
[WhiteElo "2635"]
[BlackElo "2670"]

1.Nf3 Nf6 2.c4 c6 3.Nc3 d5 4.d4 a6 5.g3 dxc4 6.a4 g6 7.Bg2 Bg7 8.a5 O-O 9.O-O Nd5
10.Ne4 Bf5 11.Nfd2 Bxe4 12.Nxe4 Nd7 13.f4 Rc8 14.Nc3 Nb4 15.Ra4 b5 16.axb6 Qxb6
17.Be3 Nf6 18.Kh1 Nbd5 19.Bc1 Ng4 20.Nxd5 cxd5 21.e4 Nf6 22.exd5 Qb5 23.f5 Nxd5
24.Bd2 e6 25.Ra5 Qxb2 26.Bxd5 exd5 27.f6 Bh8 28.Bc1 Qb6 29.Qa4 Rc6 30.Ba3 Rxf6
31.Rd1 Qe6 32.Bxf8 Qe4+ 33.Kg1 Qe3+ 34.Kg2 Rf2+ 35.Kh3 Qe6+  0-1

[Event "Koop Tjuchem op"]
[Site "Groningen"]
[Date "1996.??.??"]
[Round "10"]
[White "Kempinski, Robert"]
[Black "Lytchak, Alexander"]
[Result "1-0"]
[WhiteElo "2510"]
[BlackElo "2295"]

1.d4 d5 2.Nf3 c6 3.c4 Nf6 4.Nc3 a6 5.e3 b5 6.b3 Bg4 7.Be2 e6 8.O-O Nbd7 9.h3 Bxf3
10.Bxf3 Be7 11.a4 b4 12.Nb1 O-O 13.Nd2 c5 14.cxd5 Nxd5 15.Bb2 Rc8 16.Bxd5 exd5
17.dxc5 Bf6 18.Bxf6 Qxf6 19.Qg4 Nxc5 20.Qxb4 Nd3 21.Qa3 Rc2 22.Nf3 a5 23.Rad1 Qg6
24.Rxd3 Qxd3 25.Ne1 Qd2 26.Nxc2 Qxc2 27.Rc1 Qd2 28.Qc5 h6 29.Qc3 Qa2 30.Rd1 Rb8
31.Rxd5 Qb1+ 32.Kh2  1-0

[Event "FIN-ch"]
[Site "Helsinki"]
[Date "1996.??.??"]
[Round "4"]
[White "Pyhala, Antti"]
[Black "Sammalvuo, Tapani"]
[Result "0-1"]
[WhiteElo "2330"]
[BlackElo "2325"]

1.d4 Nf6 2.Nf3 d5 3.c4 c6 4.Nc3 a6 5.a4 e6 6.e3 c5 7.Bd3 Nc6 8.O-O Bd6 9.b3 O-O
10.Bb2 b6 11.Qe2 Bb7 12.Rfd1 cxd4 13.exd4 Na5 14.Bc2 Rc8 15.Ne5 Qc7 16.Rd3 dxc4
17.Rh3 g6 18.Qe3 Rfe8 19.Qg5 Qe7 20.b4 Nb3 21.Rd1 Bxb4 22.Qh6 Qc7 23.g4 Nxd4
24.Ne4 Bxe4 25.Bxd4 Bf8 26.Qh4 Bxc2 27.Qxf6 Bg7 28.Qh4 g5 29.Qh5 f6 30.f4 fxe5
31.f5 exd4 32.Qxh7+ Kf8 33.Rf1 exf5 34.gxf5 Qc6 35.Qh5 Qf6 36.Rg3 Qh6 37.Qf3 Re3
38.Qd5  0-1

[Event "ROM-chT"]
[Site "Herculane"]
[Date "1996.??.??"]
[Round "?"]
[White "Kiseleva, Natalia"]
[Black "Ionescu Brandis, Irina"]
[Result "0-1"]
[WhiteElo "2350"]
[BlackElo "2225"]

1.d4 d5 2.c4 c6 3.Nf3 Nf6 4.Nc3 a6 5.a4 e6 6.g3 dxc4 7.Ne5 c5 8.dxc5 Qc7
9.Nxc4 Bxc5 10.Be3 Bxe3 11.Nxe3 O-O 12.Bg2 Rd8 13.Qb3 Nc6 14.O-O Nd4 15.Qc4 Qxc4
16.Nxc4 Rb8 17.e3 Nc6 18.Rfd1 Bd7 19.f4 Nb4 20.e4 Bc6 21.Na5 Kf8 22.Rxd8+ Rxd8
23.Nxc6 Nxc6 24.Rd1 Rxd1+ 25.Nxd1 Nd7 26.e5 Nc5 27.Nc3 Nb4 28.Bf1 Ke7 29.Kg2 Nd5
30.Nxd5+ exd5 31.b4 Nxa4 32.Kf3 Nc3 33.Ke3 Na2 34.b5 a5 35.Kd4 Nb4 36.Kc5 h5
37.b6 Nc2 38.Kb5 Kd7 39.Kxa5 Kc6 40.Bb5+ Kc5 41.Bd7 d4 42.Bc8 d3 43.Bxb7 Nd4  0-1

[Event "ROM-chT"]
[Site "Herculane"]
[Date "1996.??.??"]
[Round "3"]
[White "Atalik, Suat"]
[Black "Ionescu, Mihai"]
[Result "1-0"]
[WhiteElo "2535"]
[BlackElo "2325"]

1.d4 d5 2.c4 c6 3.Nf3 Nf6 4.Nc3 a6 5.Bg5 Ne4 6.h4 Bf5 7.Qb3 b5 8.cxd5 Nxc3
9.Qxc3 cxd5 10.e3 Nd7 11.Bd3 Rc8 12.Qd2 Bxd3 13.Qxd3 Qa5+ 14.Ke2 f6 15.Rhc1 Rc4
16.Bf4 g6 17.b3 Rxc1 18.Rxc1 Bg7 19.Qc2 O-O 20.Bc7 Qa3 21.Qc6 Rf7 22.Rc2 Nf8
23.Qxd5 e6 24.Qd6 Qxd6 25.Bxd6 Ra7 26.Rc8 Kf7 27.Bc5 Rb7 28.Ra8 Nd7 29.Rxa6  1-0

[Event "NLD-chT9697"]
[Site "Holland"]
[Date "1996.??.??"]
[Round "?"]
[White "Piket, Jeroen"]
[Black "Hodgson, Julian M"]
[Result "0-1"]
[WhiteElo "2570"]
[BlackElo "2615"]

1.d4 d5 2.c4 c6 3.Nc3 Nf6 4.Nf3 a6 5.Qc2 dxc4 6.e4 b5 7.Be2 Bg4 8.Be3 e6
9.O-O Bb4 10.Rad1 O-O 11.h3 Bh5 12.g4 Bxc3 13.gxh5 Bb4 14.Ne5 Ne8 15.f4 f6
16.Nf3 Qe7 17.Kh2 f5 18.Ne5 Nd6 19.Rg1 Nxe4 20.Bf3 Nf6 21.Rg5 h6 22.Rg6 Kh7
23.Rdg1 Rg8 24.Bf2 Qf8 25.Bg4 Qc8 26.Bh4 Be7 27.Qg2 Qf8 28.Bd1 Nbd7 29.Bxf6 Nxf6
30.Qxc6 Bd6 31.Bc2 Rd8 32.Qxa6 Nxh5 33.Rxe6 Nxf4 34.Rf1 Nd3 35.Qxb5 Bxe5+
36.Rxe5 Rxd4 37.Rexf5 Qd6+ 38.Kh1 Rb8  0-1

[Event "HUN-chT1 9596"]
[Site "HUN"]
[Date "1996.??.??"]
[Round "13"]
[White "Kiss, Attila"]
[Black "Vegh, Endre"]
[Result "0-1"]
[WhiteElo "2380"]
[BlackElo "2345"]

1.d4 d5 2.Nf3 Nf6 3.c4 c6 4.Nc3 a6 5.c5 g6 6.Bf4 Bg7 7.h3 O-O 8.e3 Nfd7 9.Be2 e5
10.Bg3 e4 11.Nd2 f5 12.Qb3 a5 13.Bd6 Rf7 14.Na4 Na6 15.O-O-O Nc7 16.f3 exf3
17.gxf3 Ne8 18.Bf4 Qh4 19.Rdg1 Bh6 20.Bxh6 Qxh6 21.f4 Nef6 22.h4 Kh8 23.h5 gxh5
24.Nf3 Ng4 25.Ng5 Re7 26.Rg3 Ndf6 27.Nb6 Rb8 28.Qc3 Be6 29.Qxa5 Bg8 30.Qd2 Nf2
31.Rh4 N6e4 32.Nxe4 Nxe4 33.Qe1 Nxg3 34.Qxg3 Bf7 35.Qh3 Qe6 36.Bxh5 Bxh5
37.Rxh5 Rg8 38.Kd2 Qe4 39.Rg5 Rxg5 40.fxg5 f4 41.Qc8+ Re8 42.Qxb7 Qxe3+ 43.Kc2 Qe2+
44.Kc1 Qd3  0-1

[Event "HUN-chT1 9697"]
[Site "Hungary"]
[Date "1996.??.??"]
[Round "3"]
[White "Hera, Imre Jr"]
[Black "Kiss, Fernanda"]
[Result "1/2-1/2"]
[WhiteElo "2020"]
[BlackElo "2160"]

1.Nf3 Nf6 2.d4 d5 3.c4 c6 4.Nc3 a6 5.Bf4 b5 6.cxd5 cxd5 7.e3 e6 8.a3 Be7
9.Be2 O-O 10.O-O Bb7 11.Ne5 Nbd7 12.Rc1 Rc8 13.Qb3 Nxe5 14.Bxe5 Nd7 15.Bg3 Nb6
16.Rfd1 Nc4 17.Nb1 f5 18.Rc2 g5 19.f4 Bd6 20.Nd2 Qe7 21.Rf1 Qg7 22.Nxc4 dxc4
23.Qc3 Rfd8 24.Bf3 g4 25.Bxb7 Qxb7 26.Be1 Qe4 27.Re2 Bc7 28.Qc2 Qxc2 29.Rxc2 Kf7
30.Bh4 Rd7 31.Rfc1 Bd8 32.Be1 Rdc7 33.Kf1 Ke7 34.Bb4+ Kd7 35.h3 h5 36.hxg4 hxg4
37.Ke2 Kc6 38.Rh1 Kd5 39.Rh6 Be7 40.Ba5 Rc6 41.Rh7 Bd8 42.Bb4 R6c7 43.Rh6  1/2-1/2

[Event "Jyvaskyla op2"]
[Site "Jyvaskyla"]
[Date "1996.??.??"]
[Round "3"]
[White "Akesson, Ralf"]
[Black "Maidla, Vallo"]
[Result "1/2-1/2"]
[WhiteElo "2505"]
[BlackElo "2370"]

1.d4 d5 2.c4 c6 3.Nf3 Nf6 4.Nc3 a6 5.e3 b5 6.cxd5 cxd5 7.Ne5 e6 8.Bd2 Nbd7
9.Nd3 Bd6 10.Be2 O-O 11.O-O Ne4 12.Be1 Qe7 13.a3 Bb7 14.Na2 a5 15.f3 Nef6
16.Nc3 Bc6 17.b4 Nb6 18.Ne5 Bxe5 19.dxe5 Nfd7 20.Nxb5 Nxe5 21.a4 Nec4 22.bxa5 Nxe3
23.Qc1 Nbc4 24.Rf2 Rfc8 25.Bd3 f5 26.Re2 f4 27.Bxc4 Bd7 28.Qb2 Rxc4 29.Qe5 Nc2
30.Rd1 Nxe1 31.Rexe1 Qc5+ 32.Kh1 Rxa5 33.Nd4 Raxa4 34.Nxe6 Qe7 35.Qxd5 Bxe6
36.Rxe6 Rd4 37.Rxd4 Rxd4 38.Qb3 Rb4 39.Qa2 Ra4 40.Qd5 Rd4 41.Qb3 Rb4 42.Rxe7+  1/2-1/2

[Event "SLO-ch U18"]
[Site "Kranj"]
[Date "1996.??.??"]
[Round "1"]
[White "Pregarac, V."]
[Black "Zeljko, T."]
[Result "0-1"]
[WhiteElo "1810"]
[BlackElo "1950"]

1.d4 d5 2.c4 c6 3.Nf3 Nf6 4.Nc3 a6 5.a4 Nbd7 6.Qb3 dxc4 7.Qxc4 Nb6 8.Qd3 Nbd5
9.e4 Nb4 10.Qd1 Bg4 11.Be3 Bxf3 12.gxf3 a5 13.Bc4 e6 14.Rc1 h6 15.f4 Qd7
16.Rg1 Rd8 17.Qf3 g6 18.Ke2 h5 19.h3 h4 20.f5 exf5 21.exf5 Qxf5 22.Bf4 Nfd5
23.Nxd5 Nxd5 24.Bxd5 Qxd5 25.Qxd5 Rxd5 26.Be5 Rh5 27.Rg4 Bd6 28.Bf6 g5 29.Re4+ Kd7
30.Kf3 Rf5+ 31.Kg4 Rf4+ 32.Rxf4 Bxf4 33.Kxh5 Bxc1 34.Bxg5 Bxb2 35.Bf6 Ke6
36.Bxh4 Bxd4 37.Bg3 b5 38.Kg5 bxa4 39.f4 f5 40.Be1 a3  0-1

[Event "Krasnodar op"]
[Site "Krasnodar"]
[Date "1996.??.??"]
[Round "6"]
[White "Zakharstov, Viacheslav V"]
[Black "Alavkin, Arseny"]
[Result "1/2-1/2"]
[WhiteElo "2435"]
[BlackElo "2290"]

1.d4 d5 2.Nf3 Nf6 3.c4 c6 4.Nc3 a6 5.a4 g6 6.Bf4 Bg7 7.e3 O-O 8.Qb3 b6 9.cxd5 cxd5
10.Ne5 Bb7 11.Be2 Nfd7 12.Nxd7 Nxd7 13.O-O e6 14.Rac1 Rc8 15.Na2 Rxc1 16.Rxc1 e5
17.dxe5 Nxe5 18.Rd1 Nc4 19.Nc3 Qa8 20.Bf3 Rd8 21.Bc7 Rd7 22.Bxb6 Nxb6 23.Qxb6 d4
24.exd4 Bxf3 25.gxf3 Qxf3 26.Qb8+ Bf8 27.Qg3 Qf5  1/2-1/2

[Event "La Coruna op"]
[Site "La Coruna"]
[Date "1996.??.??"]
[Round "?"]
[White "Pogorelov, Ruslan"]
[Black "Cruz Lopez Claret, Carlos"]
[Result "0-1"]
[WhiteElo "2450"]
[BlackElo "2295"]

1.Nf3 d5 2.d4 Nf6 3.c4 c6 4.Nc3 a6 5.e3 b5 6.b3 Bg4 7.Be2 e6 8.O-O Nbd7 9.Bb2 Bd6
10.h3 Bh5 11.Ne5 Bxe2 12.Nxe2 Rc8 13.Rc1 O-O 14.Qd3 Rc7 15.Rc2 Qb8 16.Rfc1 Rcc8
17.Nxd7 Nxd7 18.e4 dxc4 19.bxc4 e5 20.c5 Be7 21.Qa3 Qc7 22.d5 cxd5 23.Qxa6 d4
24.c6 Nf6 25.Qxb5 Nxe4 26.f4 Rfd8 27.Qd3 Nc5 28.Rxc5 Bxc5 29.Rxc5 e4 30.Qg3 Qb6
31.c7 Qxc5 32.cxd8=Q+ Rxd8 33.Kh2 h6 34.f5 f6 35.a4 d3 36.Bxf6 Rd7 37.Nd4 d2
38.Ne6 Qxf5 39.Nxg7 Qxf6 40.Nh5+ Qg5 41.Qb3+ Kh7 42.Qe6 d1=Q 43.Qxe4+ Qg6
44.Nf6+ Kg7 45.Ne8+ Kf7  0-1

[Event "Lazne Bohdanec"]
[Site "Lazne Bohdanec"]
[Date "1996.??.??"]
[Round "9"]
[White "Babula, Vlastimil"]
[Black "Keitlinghaus, Ludger"]
[Result "1-0"]
[WhiteElo "2540"]
[BlackElo "2475"]

1.d4 d5 2.c4 c6 3.Nf3 Nf6 4.Nc3 a6 5.Ne5 Nbd7 6.Bf4 dxc4 7.Nxc4 b5 8.Ne5 Bb7
9.e3 e6 10.Be2 c5 11.Bf3 Bxf3 12.Qxf3 cxd4 13.exd4 Bb4 14.O-O Bxc3 15.bxc3 Nd5
16.c4 bxc4 17.Nxc4 O-O 18.Bd6 Re8 19.Be5 Qg5 20.Rab1 Nf8 21.Nd6 Re7 22.Rfc1 Ng6
23.Bg3 h5 24.h3 Rd8 25.Rc6 a5 26.Rbc1 Red7 27.Rc8 Nf6 28.Rxd8+ Rxd8 29.Rc7 Rf8
30.Qb7 h4 31.Bh2 Nd5 32.Rc8 Rxc8 33.Qxc8+ Nf8 34.Ne4 Qg6 35.Bd6 Qxe4 36.Qxf8+ Kh7
37.Qxf7 Qxd4 38.Qh5+ Kg8 39.Qe8+ Kh7 40.Qxe6 Nc3 41.Qf5+ Kg8 42.Qc8+ Kh7
43.Qf5+ Kg8 44.Bc5 Qd1+ 45.Kh2 Ne2 46.Qe6+ Kh7 47.Qe4+ Kg8 48.Qc4+ Kh7 49.Qxh4+ Kg8
50.Qc4+ Kh7 51.Qe4+ Kg8 52.h4 a4 53.h5 Qg1+ 54.Kh3 Qh1+ 55.Kg4 Qd1 56.Kg5 Qd8+
57.Be7 Qd2+ 58.f4 Qxa2 59.Qa8+ Kh7 60.Qe4+ Kg8 61.h6 gxh6+ 62.Kxh6 Kf7 63.Bb4 Qe6+
64.Qxe6+ Kxe6 65.Kg5 Ng3 66.Ba3 Ne4+ 67.Kg6 Ng3 68.Bb2 Nf5 69.g4 Ne7+ 70.Kg7 Nf5+
71.Kg6 Ne7+ 72.Kg5 Nd5 73.f5+ Kf7 74.Kh4 Ne3 75.Kh5 Nc4 76.Ba1 Ne3 77.Kg5 a3
78.Kf4 Nc2 79.Bc3 a2 80.g5 a1=Q 81.g6+ Kg8 82.Bxa1 Nxa1 83.f6 Nb3 84.f7+ Kg7
85.Ke5 Nd2 86.Ke6 Kf8 87.g7+ Kxg7 88.Ke7  1-0

[Event "Anibal op 3rd"]
[Site "Linares"]
[Date "1996.??.??"]
[Round "?"]
[White "Velcheva, Maria"]
[Black "Hodgson, Julian M"]
[Result "0-1"]
[WhiteElo "2270"]
[BlackElo "2615"]

1.d4 d5 2.c4 c6 3.Nf3 Nf6 4.Nc3 a6 5.e3 b5 6.b3 Bg4 7.Be2 Nbd7 8.O-O Qb8
9.cxd5 cxd5 10.Bb2 e6 11.Ne5 Bxe2 12.Nxe2 Bd6 13.f4 Ne4 14.Rc1 Ndf6 15.Rc6 O-O
16.Qc2 a5 17.Rc1 b4 18.h3 Qb5 19.Qd3 Qb7 20.Qc2 Rfd8 21.g3 Ne8 22.Kg2 f6
23.Nd3 Nc3 24.Rxd6 Nxd6 25.Nc5 Qf7 26.Nxc3 bxc3 27.Bxc3 Rdc8 28.Rf1 Ne4 29.Nxe4 dxe4
30.Qxe4 f5 31.Qf3 Qd7 32.Rf2 Qd5 33.Be1 Rc1 34.Re2 a4 35.b4 Rac8  0-1

[Event "Anibal op 3rd"]
[Site "Linares"]
[Date "1996.??.??"]
[Round "?"]
[White "Sulava, Nenad"]
[Black "Giorgadze, Giorgi"]
[Result "0-1"]
[WhiteElo "2480"]
[BlackElo "2590"]

1.d4 d5 2.c4 c6 3.Nf3 Nf6 4.Nc3 a6 5.e3 b5 6.cxd5 cxd5 7.Ne5 e6 8.Bd2 Bd6
9.Bd3 Bb7 10.a4 b4 11.Na2 a5 12.Bb5+ Nbd7 13.Qe2 Bxe5 14.dxe5 Ne4 15.Nc1 O-O
16.Nd3 Rc8 17.f3 Nec5 18.Nxc5 Nxc5 19.Rc1 Qc7 20.f4 Qb6 21.O-O Bc6 22.Bxc6 Rxc6
23.f5 exf5 24.Rxf5 Nxa4 25.Rcf1 Re6 26.Qf3 Qb7 27.Be1 Rh6 28.Bg3 Nxb2 29.Bf4 Rg6
30.h4 Nd3 31.h5 Re6 32.h6 g6 33.Qg3 Nxf4 34.R5xf4 Rxe5  0-1

[Event "Lippstadt"]
[Site "Lippstadt"]
[Date "1996.??.??"]
[Round "4"]
[White "Touzane, Olivier"]
[Black "Kallai, Gabor"]
[Result "1/2-1/2"]
[WhiteElo "2495"]
[BlackElo "2500"]

1.d4 d5 2.c4 c6 3.Nc3 Nf6 4.Nf3 a6 5.c5 Nbd7 6.Bf4 Nh5 7.Bg5 h6 8.Bh4 b6
9.e4 dxe4 10.Nxe4 g5 11.Bg3 Nxg3 12.hxg3  1/2-1/2

[Event "Mladi op"]
[Site "Litomysl"]
[Date "1996.??.??"]
[Round "4"]
[White "Cvek, Robert"]
[Black "Fuksik, Jakub"]
[Result "0-1"]
[WhiteElo "2265"]
[BlackElo "2235"]

1.d4 d5 2.Nf3 Nf6 3.c4 c6 4.Nc3 a6 5.c5 Nbd7 6.Bg5 h6 7.Bh4 g5 8.Bg3 Nh5
9.e3 Nxg3 10.hxg3 Bg7 11.Be2 e5 12.g4 exd4 13.exd4 Nf8 14.O-O Ne6 15.Na4 O-O
16.Nb6 Rb8 17.Nxc8 Rxc8 18.Bd3 Qf6 19.Bf5 Rc7 20.Ne5 Nxc5 21.Bb1 Nd7 22.Qd3 Re8
23.Qh7+ Kf8 24.Nf3 Qf4 25.Bc2 Nf6 26.Qd3 Nxg4 27.g3 Qd6 28.Qf5 Nf6 29.Ne5 Ne4
30.Rfe1 Bxe5 31.dxe5 Qxe5 32.Qh7 Qg7 33.Qf5 Rce7 34.Bxe4 dxe4 35.Rad1 Qg6
36.Qxg6 fxg6 37.Rd6 Kf7 38.Re3 Re6 39.Rd7+ R8e7 40.Rd8 Re5 41.Kf1 Rd5 42.Rh8 Kg7
43.Rb8 h5 44.Ke2 Rc5 45.Kf1 Rc1+ 46.Re1 Rxe1+ 47.Kxe1 h4 48.g4  0-1

[Event "Ljubljana op"]
[Site "Ljubljana"]
[Date "1996.??.??"]
[Round "4"]
[White "Kozul, Zdenko"]
[Black "Jukic, Branimir"]
[Result "1-0"]
[WhiteElo "2580"]
[BlackElo "2390"]

1.Nf3 Nf6 2.c4 c6 3.Nc3 d5 4.d4 a6 5.Bf4 dxc4 6.a4 Nd5 7.Qd2 e6 8.e4 Nxc3
9.bxc3 b5 10.Be2 Bb7 11.O-O Be7 12.Rfb1 Nd7 13.Bxc4 O-O 14.Bd3 c5 15.Qe2 cxd4
16.cxd4 Nf6 17.Bg5 h6 18.Bd2 Bc6 19.Rc1 Qb6 20.d5 exd5 21.exd5 Nxd5 22.a5 Qb7
23.Qe4 g6 24.Ne5 f5 25.Qf3 Be8 26.Bxh6 Rf6 27.Re1 Rd8 28.Bc2 Re6 29.Bb3 Bf6
30.Rad1 Red6 31.Bf4 Kg7 32.Nd3 Bc6 33.Bxd6 Rxd6 34.Qg3  1-0

[Event "Loures2"]
[Site "Loures"]
[Date "1996.??.??"]
[Round "3"]
[White "Frois, Antonio"]
[Black "Gaspar, Artur"]
[Result "1-0"]
[WhiteElo "2380"]
[BlackElo "2180"]

1.d4 d5 2.c4 c6 3.Nf3 Nf6 4.Nc3 a6 5.cxd5 cxd5 6.Bg5 Nc6 7.e3 e6 8.Bd3 Be7
9.O-O O-O 10.Rc1 Nd7 11.Bxe7 Qxe7 12.Na4 f5 13.a3 Kh8 14.Qb3 g5 15.Nb6 Nxb6
16.Qxb6 g4 17.Ne5 Nxe5 18.dxe5 Qd8 19.Rc7 Rf7 20.Rfc1 Re7 21.Qd6 Rd7 22.Rxd7 Bxd7
23.Rc7 Bc6 24.Re7 Qxd6 25.exd6 Re8 26.d7 Rf8 27.h3 gxh3 28.gxh3 Rg8+ 29.Kf1 Rd8
30.Rxe6 Rxd7 31.Bxf5 Rf7 32.Bd3 Rf3 33.Rh6 Rf7 34.Ke2 Bd7 35.Rh5 Bc6 36.h4 Re7
37.Rh6 d4 38.Bxa6 Kg7 39.Rd6 dxe3 40.fxe3 Re4 41.Bxb7 Bb5+ 42.Kd2 Rxh4 43.e4 Rh2+
44.Kc3 h5 45.e5 h4 46.Be4 h3 47.Rg6+ Kf7  1-0

[Event "Asia-ch Boys"]
[Site "Macau"]
[Date "1996.??.??"]
[Round "?"]
[White "Abdulla, Al Rakib"]
[Black "Batzorig, Tuvshintogs"]
[Result "1-0"]
[WhiteElo "2195"]
[BlackElo "2185"]

1.d4 d5 2.c4 c6 3.Nf3 Nf6 4.Nc3 a6 5.Ne5 e6 6.c5 Nbd7 7.Bf4 Nxe5 8.Bxe5 b6
9.b4 Nd7 10.Bg3 a5 11.a3 Ba6 12.b5 cxb5 13.e4 bxc5 14.Nxb5 Bxb5 15.Bxb5 cxd4
16.exd5 exd5 17.O-O Be7 18.Qg4 Rg8 19.Rfe1  1-0

[Event "Maribor"]
[Site "Maribor"]
[Date "1996.??.??"]
[Round "?"]
[White "Razuvaev, Yuri S"]
[Black "Simic, Dragan"]
[Result "1/2-1/2"]
[WhiteElo "2580"]
[BlackElo "2330"]

1.d4 d5 2.c4 c6 3.Nc3 Nf6 4.Nf3 a6 5.c5 g6 6.h3 Bg7 7.Bf4 O-O 8.e3 Nbd7 9.Rc1 Ne8
10.Be2 Nc7 11.b4 Re8 12.Bg5 h6 13.Bh4 g5 14.Bg3 e5 15.dxe5 Nxe5 16.O-O Nxf3+
17.Bxf3 Bf5 18.Bg4 Bxg4 19.hxg4  1/2-1/2

[Event "SVK-ch"]
[Site "Martin"]
[Date "1996.??.??"]
[Round "5"]
[White "Marusak, Peter"]
[Black "Dovzik, Juri"]
[Result "0-1"]
[WhiteElo "2160"]
[BlackElo "2400"]

1.d4 d5 2.Nf3 Nf6 3.c4 c6 4.Nc3 a6 5.g3 b5 6.b3 e6 7.Bg2 Nbd7 8.O-O Be7 9.h3 O-O
10.g4 Qc7 11.Bg5 Re8 12.Bh4 bxc4 13.bxc4 dxc4 14.e4 h6 15.Qe2 a5 16.Bg3 Qa7
17.Rfb1 Ba6 18.a3 Bd8 19.Bf4 Rc8 20.Be3 Qc7 21.g5 hxg5 22.Nxg5 e5 23.d5 Be7
24.Qf3 Bc5 25.Rd1 Qa7 26.dxc6 Rxc6 27.Nd5 Nf8 28.h4 c3 29.Rdc1 Nxd5 30.exd5 Rf6
31.Qe4 Bxe3 32.fxe3 Rf4 33.Qb1 Qxe3+  0-1

[Event "SVK-ch"]
[Site "Martin"]
[Date "1996.??.??"]
[Round "7"]
[White "Priehoda, Vitezslav"]
[Black "Maros, Milan"]
[Result "1-0"]
[WhiteElo "2380"]
[BlackElo "2245"]

1.Nf3 Nf6 2.c4 c6 3.d4 d5 4.Nc3 a6 5.c5 g6 6.Bf4 Nbd7 7.h3 Bg7 8.e3 O-O 9.Be2 Ne8
10.O-O Nc7 11.Rc1 Re8 12.Bg3 e5 13.Bh4 f6 14.dxe5 Nxe5 15.Qb3 Nf7 16.e4 dxe4
17.Bc4 Be6 18.Nxe4 Bxc4 19.Rxc4 g5 20.Bg3 Qc8 21.Bxc7 Qxc7 22.Rb4 Re7 23.Nd6 Rb8
24.Nd4 Kh8 25.Nxc6  1-0

[Event "SVK-ch"]
[Site "Martin"]
[Date "1996.??.??"]
[Round "9"]
[White "Drozdov, Alexandre"]
[Black "Dovzik, Juri"]
[Result "0-1"]
[WhiteElo "2265"]
[BlackElo "2400"]

1.d4 d5 2.c4 c6 3.Nc3 Nf6 4.Nf3 a6 5.e3 b5 6.b3 Bg4 7.Bd2 e6 8.Bd3 Nbd7 9.O-O Be7
10.h3 Bh5 11.a4 b4 12.Ne2 Bxf3 13.gxf3 O-O 14.f4 a5 15.c5 Ne4 16.Ng3 f5 17.Bxe4 dxe4
18.Kh2 Nf6 19.f3 exf3 20.Qxf3 Qd7 21.Be1 Nd5 22.Rg1 Kh8 23.Nf1 Nf6 24.Bh4 Ng8
25.Bxe7 Nxe7 26.Ra2 Rf6 27.Rag2 Rg8 28.Nd2 Qd5 29.Kg3 Qd8 30.Kf2 Ng6 31.Rg5 Re8
32.h4 e5 33.Rxg6 exd4 34.Rxg7 dxe3+ 35.Qxe3 Rxe3 36.Rg8+ Qxg8 37.Rxg8+ Kxg8
38.Kxe3 Rh6 39.Nf3 Kf7 40.Kd4 Ke6 41.Kc4 Rg6 42.Ne5 Rg4 43.Nxc6 Rxf4+ 44.Kb5 Rxh4
45.Nxa5 f4 46.Kb6 Rg4 47.c6 f3 48.Nc4 f2 49.Nd2 Rg8 50.a5  0-1

[Event "Wch U18"]
[Site "Menorca"]
[Date "1996.??.??"]
[Round "7"]
[White "Leitao, Rafael"]
[Black "Kelly, Bryan"]
[Result "1/2-1/2"]
[WhiteElo "2475"]
[BlackElo "2395"]

1.d4 d5 2.c4 c6 3.Nf3 Nf6 4.Nc3 a6 5.cxd5 cxd5 6.Ne5 Nbd7 7.Bf4 e6 8.e3 b5
9.Bd3 Bb7 10.O-O Be7 11.Qf3 O-O 12.Qh3 Re8 13.Bg5 Ne4 14.Bxe7 Qxe7 15.f3 Nef6
16.Nxd7 Qxd7 17.a3 h6 18.Qg3 Rac8 19.Rac1 Red8 20.Rc2 Qe7 21.Rfc1 b4 22.Nb1 bxa3
23.bxa3 Rxc2 24.Rxc2 Rc8 25.Rxc8+ Bxc8 26.Qb8 Qb7 27.Qxb7 Bxb7 28.Nd2 Kf8
29.Nb3 Nd7 30.Kf2 Ke7 31.Ke2 Kd6 32.Kd2 Kc7 33.a4 Kb6 34.a5+ Kc7 35.Kc3 Kd6
36.Kb4 Bc8 37.g4 g5  1/2-1/2